LEADER 01585nam0 22003733i 450 001 VAN00271311 005 20251016095855.708 017 70$2N$a9783031384370 100 $a20240207d2023 |0itac50 ba 101 $aeng 102 $aCH 105 $a|||| ||||| 181 $ai$b e 182 $ab 183 $acr 200 1 $aVoltage-gated Ca2+ Channels: Pharmacology, Modulation and their Role in Human Disease$fJörg Striessnig editor 210 $aCham$cSpringer$d2023 215 $aXII, 316 p.$cill.$d24 cm 410 1$1001VAN00271316$12001 $aHandbook of Experimental Pharmacology$1210 $aCham$cSpringer$d1957-$v279 620 $aCH$dCham$3VANL001889 676 $a576.5$cGenetica$v22 676 $a612$cFisiologia umana$v22 676 $a615.1$cFarmacologia. Farmaci. Farmacia$v22 676 $a615.9$cTossicologia$v22 702 1$aStriessnig$bJörg$3VANV222937 712 $aSpringer $3VANV108073$4650 801 $aIT$bSOL$c20251017$gRICA 856 4 $uhttps://link.springer.com/book/10.1007/978-3-031-38437-0$zE-book - Accesso al full-text attraverso riconoscimento IP di Ateneo, proxy e/o Shibboleth 899 $aBIBLIOTECA DEL DIPARTIMENTO DI SCIENZE E TECNOLOGIE AMBIENTALI BIOLOGICHE E FARMACEUTICHE$1IT-CE0101$2VAN17 912 $fN 912 $aVAN00271311 950 $aBIBLIOTECA DEL DIPARTIMENTO DI SCIENZE E TECNOLOGIE AMBIENTALI BIOLOGICHE E FARMACEUTICHE$d17CONS e-book 2309 $e17BIB2309/448 448 20240207 996 $aVoltage-gated Ca2+ channels$93907399 997 $aUNICAMPANIA